| 000 | 00785pam a2200265 a 4500 | ||
|---|---|---|---|
| 001 | 1488 | ||
| 005 | 20241217095746.0 | ||
| 020 | _a0060256737 | ||
| 020 |
_a0060256745 (lib. bdg.) : _c$10.89 |
||
| 040 |
_aDLC _cDLC _dDLC _dFISKH _beng |
||
| 050 | 0 | 0 |
_aPS3569.I47224 _bL5 1981 |
| 082 | 0 | 0 |
_a811/.54 _219 |
| 100 | 1 | _aSilverstein, Shel. | |
| 245 | 1 | 2 |
_aA light in the attic / _cShel Silverstein. |
| 260 |
_aNew York : _bHarper & Row, _c1981. |
||
| 300 |
_a167 pages : _billustrations ; _c23 cm |
||
| 500 | _aIncludes index. | ||
| 520 | _aA collection of humorous poems and drawings. | ||
| 521 | _aNP | ||
| 650 | 0 | _aChildren's poetry, American. | |
| 650 | 1 | _aHumorous poetry. | |
| 650 | 1 | _aAmerican poetry. | |
| 906 |
_a7 _bcbc _corignew _d1 _eocip _f19 _gy-gencatlg |
||
| 942 |
_2ddc _cBK _n0 |
||
| 999 |
_c1488 _d1488 |
||